| 000 | 00970cam a22003133a 4500 | ||
|---|---|---|---|
| 001 | 16411808 | ||
| 003 | OSt | ||
| 005 | 20140310182240.0 | ||
| 008 | 950724s1995 nyu j 000 1 eng d | ||
| 010 | _a 97811033 | ||
| 020 | _a0553567144 (pbk.) | ||
| 035 | _a(OCoLC)ocm32866606 | ||
| 040 |
_aKRL _cKRL _dSLC _dDLC |
||
| 050 |
_aPZ 7 _b.W716a 1995 |
||
| 082 |
_aFIC _bW67sv 1995 |
||
| 100 | 1 |
_aWilliam, Kate. _918781 |
|
| 245 | 1 | 2 |
_aA killer on board / _cwritten by Kate William ; created by Francine Pascal. |
| 260 |
_aNew York : _bBantam Books, _cc1995. |
||
| 300 |
_a227 p. ; _c18 cm. |
||
| 440 | 0 | _aSweet Valley High | |
| 650 |
_aFiction _9746 |
||
| 655 | 7 |
_aYoung adult fiction. _2lcsh _93735 |
|
| 655 | 7 |
_aSuspense fiction. _2gsafd _96032 |
|
| 700 | 1 |
_aPascal, Francine. _93767 |
|
| 710 | 2 |
_aCopyright Paperback Collection (Library of Congress) _5DLC _9705 |
|
| 906 |
_a7 _bcbc _ccopycat _d2 _encip _f19 _gy-genrareb |
||
| 942 |
_2lcc _cBK-FIC |
||
| 999 |
_c11107 _d11107 |
||